000
00344nam a22001577a 4500
003
SGT
020
_a
978-93-8669-109-5
082
_a
611
_b
E17K
100
_a
KUMAR, BRIJESH
245
_a
EMBRYOLOGY TEXT & ATLAS
250
_a
1ST
260
_a
INDIA
_b
WOTLERS KLUWER
_c
2017
300
_a
278
650
_a
ANATOMY
942
_2
ddc
_c
BK
_0
59
999
_c
15567
_d
15567